000 00568nam a2200181Ia 4500
008 100917s9999 xx 000 0 und d
082 _b28104
100 _aबाबर सरोजिनी - संपा.
245 _aराजविलासी केवडा
260 _bमहाराष्ट्र राज्य
300 _a692
365 _b7.5
520 _aकविता
630 _aराजविलासी केवडा
650 _aकविता
730 _aराजविलासी केवडा
942 _cBOOK
999 _c633498
_d633495